000 00716nam a2200205 a 4500
001 000023871
005 20200930022530.0
008 110114s1980 pr r 000 0 spa d
020 _a0847724557
040 _aDO-SdBNP
_bspa
_cBNPHU
082 _ann*
_bnn*
100 1 _aIcken Safa, Helen.
_949109
245 1 0 _aFamilias del arrabal :
_bun estudio sobre desarrollo y desigualdad /
_cHelen Icken Safa ; traducción Ivette Torres.
260 _aRío Piedras :
_bUniversitaria. Unversidad de Puerto Rico,
_c1980.
300 _a158 p. ;
_c23 cm.
500 _aLos ejemplares 2 y 3 son una reimpresión del año 1989.
504 _aReferencias : [153]-158 p.
700 1 _aTorres, Ivette,
_etr.
_949110
049 _aBNGR
999 _c23367
_d23367